000 00353nam a2200157Ia 4500
003 OSt
008 191201s2013 xx 000 0 und d
082 _a658.812
_bRAC
100 _aRAI, Alok kumar
245 0 _aCustomer Relationship Management
250 _aRep
260 _aNew Delhi
_bPHI
_c2013
300 _a501
650 _aBBA
942 _2ddc
_cBK
999 _c5952
_d5952